| 000 | 00744nam a22002297a 4500 | ||
|---|---|---|---|
| 005 | 20170124105941.0 | ||
| 010 | _aA-588437 | ||
| 020 | _c00.00 | ||
| 035 | _aA-588437 | ||
| 037 | _bCen Lib/Ret | ||
| 040 |
_aDPL _bEN |
||
| 082 |
_a250 _2RUE |
||
| 100 |
_aRuegg, David Seyfort _911135 |
||
| 245 |
_aBuddha-nature, mind and the problem of grdaualism in a comparative perspective : _cby David Seyfort Ruegg _bon the transmission of buddhism in India and Tibet / |
||
| 260 |
_aNew Delhi _bHeritage publishers _c1992 |
||
| 270 |
_bNew Delhi _a5, Ansari road _e110002 |
||
| 300 |
_a219p. _c21cm(Hb) |
||
| 500 | _aIncludes index | ||
| 650 |
_aReligion _y _911136 |
||
| 650 |
_aBuddhism _91068 |
||
| 942 |
_2ddc _cEN _h250 _mRUE |
||
| 999 |
_c124552 _d124552 |
||